| 000 | 00468nam a2200157Ia 4500 | ||
|---|---|---|---|
| 005 | 20250403144039.0 | ||
| 008 | 231217s9999 xx 000 0 und d | ||
| 020 | _a9788131403464 | ||
| 082 | _a658.044 NAI2;1 R | ||
| 100 | _aNair, P. Deepak Kumar ed. | ||
| 245 | 0 | _aPublic private partnerships in infrastructure : issues and perspectives | |
| 260 |
_c2006 _bICFAI Press _aHyderabad |
||
| 300 | _axiii, 238 | ||
| 650 | _apartnerships,infrastructure | ||
| 942 | _cAA | ||
| 999 |
_c191021 _d191021 |
||